=LDR 00000nam 2200000 4500 =001 INLIS000000000006767 =005 20251114085626 =035 ##$$a 0010-1125000641 =007 ta =008 251114###########################0#ind## =082 ##$$a 304.809 =084 ##$$a 304.809 MAR p =100 #$$a Marvin Alisky =245 1#$$a Population and Migration Problems in Mexico /$c Badan Koordinasi Keluarga Berencana Nasional =260 ##$:$b Badan Koordinasi Keluarga Berencana Nasional,$c 1981 =300 ##$$a 7 Hal : $b Ilus ; $c 21 =650 #4$$a Keluarga Berencana =856 ##$$a Perpustakaan Kemendukbangga